Technické kreslenie 1. Učebný text.
Uložené v:
| Hlavný autor: | |
|---|---|
| Médium: | Kniha |
| Jazyk: | Slovak |
| Vydané: |
Bratislava :
Slovenské vydavateľstvo technickej literatúry,
1957.
|
| Fyzický popis: |
86 strán. |
| Tagy: |
Pridať tag
Žiadne tagy, Buďte prvý kto otaguje tento záznam!
|
Titul je dostupný aj v ... 

MARC
| LEADER | 00000nam a22000002i 4500 | ||
|---|---|---|---|
| 001 | 000677621 | ||
| 005 | 20220224144838.0 | ||
| 008 | 220224s1957 xo e 000 0 slo d | ||
| 020 | |c Kčs 8,80 |q (viazané) | ||
| 040 | |a SVKKK |b slo |c SVKKK |e rda | ||
| 100 | 1 | |a Janyš, Bohumil | |
| 245 | 1 | 0 | |a Technické kreslenie 1. Učebný text. |
| 264 | 1 | |a Bratislava : |b Slovenské vydavateľstvo technickej literatúry, |c 1957. | |
| 300 | |a 86 strán. | ||
| 336 | |a text |b txt |2 rdacontent | ||
| 337 | |a bez média |b n |2 rdamedia | ||
| 338 | |a zväzok |b nc |2 rdacarrier | ||
| 500 | |a Záznam revízie | ||
| 910 | |a svkkk | ||
| 998 | |a BK | ||
| 090 | |g SCKHL |k Sklad Pribinova 3. posch. |a V0.952 |j 05742 |i 2720834132 |s Vyradená | ||